00329nam a2200133Ia 4500008004100000041000800041082001400049100001800063245002800081250001400109260003200123300002900155365001100184240624s9999 xx 000 0 und d aeng a658.8 KEN aKENNEDY DAN S aULTIMATE MARKETING PLAN a(3rd ed.) c2009aNew DelhibViva Books ax, : 229 : p. : cm. ; 22 cRSb30